La province du Dauphiné de A à Z - Statistiques

Statistiques générales
  • Ce quiz a été pris 12 fois
  • Le résultat moyen est 6 sur 26
Statistiques - réponses
Lettre Question Réponse % Correct
B Chevalier dauphinois nommé Pierre Terrail, mieux connu sous le nom de Bayard
91%
C Le premier prince de France à porter le titre de Dauphin est Charles
91%
G Ville prise par les Proestants le 22 décembre 1590 Grenoble
91%
F Futur ministre de Louis XIV, il a été intendant du Dauphiné (prénom et nom) Nicolas Fouquet
55%
S Lac artificiel des Hautes-Alpes Serre-Ponçon
55%
T Emeute survenue le 7 juin 1788 à Grenoble appelée la Journée des Tuiles
55%
P Le roi de France qui acquiert le Dauphiné est (prénom et chiffre) Philippe VI
45%
X Pape qui réunit les diocèses de Valence et de Die... Grégoire... X
45%
H Dernier seigneur du Dauphiné indépendant (prénom et chiffre) Humbert II
36%
L La Cérémonie de cession du Dauphiné a eu lieu à Lyon
36%
J Bataille perdue par les Protestants contre les Catholiques près de Grenoble en 1587 Jarrie
27%
M Le passage par cette commune était fréquemment utilisé pour passer de la France à l'Italie actuelle Mont-Genèvre
9%
U Traité qui attribue le Dauphiné italien au duché de Savoie en 1713 Utrecht
9%
A Protonotaire du roi, il négocie l'achat du Dauphiné (prénom et nom) Amblard de Beaumont
0%
K Députée de l'Isère élue de 2017 à 2022 (prénom et nom) Catherine Kamowski
0%
D Ce qu'est devenu le dernier seigneur du Dauphiné indépendant Dominicain
0%
E Commune de Haute-Savoie siège d'un évêché à partir du IVe siècle Embrun
0%
I Epouse de Guigues VIII, dauphin du Viennois Isabelle de France
0%
Y Archevêque de Vienne de 1746 à 1751 (prénom et nom) Jean d'Yse de Saléon
0%
Q Général né en 1775 dans l'ancien Dauphiné (prénom et nom) Joachim Quiot
0%
N Il protège Grenoble du duc de Savoie en 1693 (prénom et nom) Nicolas de Catinat
0%
O Festival sportif se déroulant dans les Hautes Alpes (2 mots) Outdoormix Festival
0%
R Station de sports d'hiver des Hautes-Alpes dans le parc des Ecrins Réallon | Risoul-Vars
0%
V 300 chevaliers dauphinois sont tués aux côtés des Français en 1424 à la bataille de Verneuil
0%
W Archevêque de Vienne de 740 à 752 (prénom) Willicaire
0%
Z Souveraine en exil qui a habité Villard-de-Lans (prénom et nom) Zita de Bourbon-Parme
0%
Aucun quiz correspondant
Distribution des résultats
% des personnes avec chaque résultat
Percentile par nombre de réponses
Votre historique - résultats
Vous n’avez pas pris ce quiz